1688 1350 1288 1132 1691 1332 1525 1233 1385 1059 1346 1142 1856 1440 1436 1368 1952 1517 1970 1074 1345 1004 1614 1841 1262 1337 1898 1310 1975 1943 1433 1533 1029 1624 1699 1659 1105 1915 1902 1719 1654 1773 1536 1305 1832 1920 1559 1649 1502 1587 1971 1245 1909 1796 1914 1975 1571 1120 1830 1616 1673 1927 1989 1820 1848 1691 1651 1894 1095 1371 1203 1577 1093 1880 1121 1585 1031 1025 1086 1510 1251 1752 1137 1462 1335 1241 1178 1312 1515 1194 1689 1431 1290 1740 1302 1311 1451 1455 1710 BCNSPRNW ULIB Ver.6.0+V

เปลี่ยนเป็นภาษาไทย

Change to English
 แสดงรายละเอียดบรรณานุกรม
  กลับหน้าหลัก

Brief Record : Get Marc (ISO 2709) : E-mail record : QR code < ปิดหน้าต่าง
LEADER : 00000nam 2200000uu 4500
001    13399124343
003     ULIB
008    150511s2552||||th 000 0 tha d
020    ^a9786167052618
099    ^aนว ว257อ
100    ^aวรรณวรรธน์
245    ^aอขิทโร ลูกปัดมนตรา เล่ม 1
250    ^aพิมพ์ครั้งที่ 3
260    ^aกรุงเทพฯ :^bณ บ้านวรรณกรรม กรุ๊ป,^c2552
300    ^a312 หน้า
650    ^aวรรณวรรธน์^xนิยาย
945    ^p240^l0^i039387
999    ^aเกษร โพธิ์สุวรรณ
รายการนี้ยังไม่มีแท็ก
คุณยังไม่ได้ล็อกอิน คุณสามารถมีกิจกรรมร่วมกับเว็บไซต์ได้ แต่ต้องล็อกอินก่อน ::
  ล็อกอิน

รายการสื่อสารสนเทศ

ลำดับที่ ประเภท เลขเรียก/บาร์โค้ด สถานที่ สถานะ
1. นวนิยาย
นวนิยาย
นว ว257อ ฉ.1 
  Barcode: 039387
ห้องสมุดวิทยาเขตสวรรค์ประชารักษ์
►นวนิยาย
บนชั้น
  ขอยืม

รายการใกล้เคียง
    ผู้แต่ง [วรรณวรรธน์]

BibComment


ยังไม่เคยถูกคอมเมนท์

คอมเมนท์ทรัพยากรรายการนี้
  คอมเมนท์: อขิทโร ลูกปัดมนต..


 Copyright 2026. Bcnsprnw @Library